|
|
|
|
| LEADER |
00000cam a2200000 7i4500 |
| 001 |
0000000522 |
| 005 |
20140515.0 |
| 090 |
0 |
0 |
|a 634.903595
|b WON 1982
|
| 100 |
1 |
0 |
|a WONG
|h T. M. [
|q (Tuck Meng)]
|
| 245 |
1 |
2 |
|a A dictionary of Malaysian timbers
|c T. M. Wong
|
| 260 |
0 |
0 |
|a Kuala Lumpur :
|b Jabatan Perhutanan Semenanjung Malaysia ,
|c 1982
|
| 300 |
|
|
|a xviii, 259 p. ;
|c 22 cm.
|
| 500 |
0 |
0 |
|a Bibliography: [p.xv-xviii]
|
| 650 |
0 |
0 |
|a Timber
|z Malaysia
|x Dictionaries
|
| 998 |
|
|
|a JPSM
|
| 999 |
|
|
|a 0000000112
|b Monograph
|c Open Shelf
|e Default branch
|
| 999 |
|
|
|a 0000000113
|b Monograph
|c Open Shelf
|e Default branch
|
| 999 |
|
|
|a 0000000114
|b Monograph
|c Reference
|e Default branch
|
| 999 |
|
|
|a 0000001657
|b Monograph
|c Reference
|e Default branch
|
| 999 |
|
|
|a 0000002349
|b Monograph
|c Reference
|e Default branch
|
| 999 |
|
|
|a 0000002402
|b Monograph
|c Open Shelf
|e Default branch
|